1820 1837 1412 1631 1469 1277 1165 1008 1052 1228 1168 1703 1159 1300 1141 1138 1053 1190 1074 1190 1441 1033 1703 1656 1782 1156 1267 1974 1406 1368 1906 1508 1481 1426 1519 1099 1083 1566 1175 1542 1105 1908 1558 1799 1154 1512 1673 1019 1717 1709 1061 1195 1943 1932 1984 1075 1173 1461 1864 1696 1426 1078 1226 1251 1543 1179 1770 1750 1137 1830 1155 1210 1888 1060 1932 1770 1964 1455 1946 1134 1668 1092 1690 1149 1524 1949 1885 1008 1831 1524 1826 1118 1141 1981 1280 1575 1428 1385 1510 BCNSPRNW ULIB Ver.6.0+V

เปลี่ยนเป็นภาษาไทย

Change to English
 แสดงรายละเอียดบรรณานุกรม
  กลับหน้าหลัก

Brief Record : Get Marc (ISO 2709) : E-mail record : QR code < ปิดหน้าต่าง
LEADER : 00000nam 2200000uu 4500
001    13399114875
003     ULIB
008    020711s1999 th a 000 0 eng d
020    0781733669
060  4 WY49^bC294H
100    ^aLynda Jull Carpenito
245    ^aHandbook of Nursing Diagnosis/^cLynda Jull Carpenito
250    9 th
260    ^aNew York ^bLippincott,^c1999
300    665 pond
650  7 Diagnosis
945    ^p776^l0^i015264
995    Thossaporn
999 ^a ทศพร
รายการนี้ยังไม่มีแท็ก
คุณยังไม่ได้ล็อกอิน คุณสามารถมีกิจกรรมร่วมกับเว็บไซต์ได้ แต่ต้องล็อกอินก่อน ::
  ล็อกอิน

รายการสื่อสารสนเทศ

ลำดับที่ ประเภท เลขเรียก/บาร์โค้ด สถานที่ สถานะ
- ไม่พบข้อมูล -

รายการใกล้เคียง
    หัวเรื่อง [Diagnosis]

BibComment


ยังไม่เคยถูกคอมเมนท์

คอมเมนท์ทรัพยากรรายการนี้
  คอมเมนท์: Handbook of Nurs..


 Copyright 2026. Bcnsprnw @Library